| 000 | 00391nam a2200157Ia 4500 | ||
|---|---|---|---|
| 008 | 230312s9999||||xx |||||||||||||| ||und|| | ||
| 020 | _a81-312-0698-X | ||
| 082 |
_a621.388 _bJAC-V |
||
| 100 | _aJack,Keith | ||
| 245 | 0 | _aVideo Demystified | |
| 260 |
_bElsevier _aIndia _c2005 |
||
| 300 | _a927 | ||
| 546 | _aEng. | ||
| 650 |
_aEngineering _vColor Spaces,Video Signals Overview |
||
| 942 | _cBK | ||
| 999 |
_c1158 _d1158 |
||